000 00930cam a2200289 i 4500
001 49737
003 Mx-PuUPA
005 20230811142754.0
008 140415s2002 mx d gr 000 0 spa d
020 _a9701038312
040 _aMx-PuUPA
_bspa
_cMx-PuUPA
_dMx-PuUPA
_erda
041 0 _aspa
100 1 _aWitker, Jorge
_91574
_eautor
245 1 0 _aMetodología jurídica /
_cJorge Witker Velázquez, Rogelio Larios Velasco
250 _aSegunda edición
264 1 _aMéxico, D.F. :
_bMcGraw-Hill Interamericana Editores,
_c2002
300 _a260 páginas :
_bdiagramas ;
_c25 cm
336 _2rdacontent
_atexto
_btxt
337 _2rdamedia
_asin medio
_bn
338 _2rdacarrier
_avolumen
_bnc
490 0 _aSerie Juridica
650 7 _aDerecho
_xMetodología
_2armarc
700 1 _aLarios Velasco, Rogelio,
_eautor
942 _2ddc
_cLI
_h340.1
_iW815
999 _c49737
_d49737